000 00382nam a22001457a 4500
999 _c12403
_d12403
008 210201b ||||| |||| 00| 0 eng d
082 0 0 _a621.3
_bC8511
100 _9203
_aCotton, H.
245 1 0 _aPrinciples of electrical technology
_cBy H Cotton
260 _aLondon
_bPitman
_c1967
300 _aix, 658p.
365 _d29.70
650 0 _aElectrical Engineering
942 _cBK